Israel

Bibliographic Details
Main Author: Riedl, Joachim (Author)
Other Authors: Shai, Ginott (Photographer)
Format: Book
Language:German
PhysicalDescription:144 s. 31 cm 24 s. príl.
Published: München Bruckmann 2000
ISBN:3765433012
Series:Bruckmann Länderporträts
Subjects:

MARC

LEADER 00000cam a2200000 a 4500
001 vtls001430744
003 SK-MaSNL
005 20260331204337.0
008 251113s2000 gw o r 000 0 ger
020 |a 3765433012 
035 |a SNK000385772 
035 |a urn:nbn:sk:snk-amyaty 
035 |a urn:nbn:sk:snk-am00c84t 
035 |a 431CD383-EC6A-445E-A31A-271FD5DE1D85 
040 |a SNK  |b slo  |c SNK  |e AACR2 
041 0 |a ger 
044 |a gw  |c DE 
080 |a 908.569.44(084.12)  |2 1981 
100 1 |a Shai, Ginott  |4 pht  |9 527498 
245 1 |a Israel  |c Shai Ginott, Joachim Riedl 
260 |a München  |b Bruckmann  |c 2000  |e Martin  |f Neografia 
300 |a 144 s.  |c 31 cm  |e 24 s. príl. 
490 1 |a Bruckmann Länderporträts 
651 7 |a Izrael  |2 SNKPHgeo  |9 16888 
655 7 |a fotografické publikácie  |2 SNKPH  |9 70483 
700 1 |a Riedl, Joachim  |4 aut  |9 527499 
830 0 |a Bruckmann Länderporträts  |9 527497 
852 |a Slovenská národná knižnica 
919 |a 3-7654-3301-2 
958 |a OND 
999 |c 814002  |d 815932 
952 |t P60, <03>, [BOOK], {603}  |a SNK  |b SNK  |y PREZ  |7 0  |p 17A0336424  |o snkSB 64719  |i snkKSP 2904/2002  |0 0  |1 0  |4 0  |d 2002-03-12  |f 1  |l 0  |r 2025-04-14 00:00:00  |w 2026-02-24 
952 |t Príloha: 1 brožúra (24 s.)  |a SNK  |b SNK  |y PREZ  |7 0  |p 17A1021477  |o snkSB 64719/príl.  |i snkKSP 2904/2002  |3 Príloha: 1 brožúra (24 s.)  |0 0  |1 0  |4 0  |d 2013-02-01  |l 0  |r 2025-04-14 00:00:00  |w 2026-02-24